00448 2200145 4500001002100000008004100021035002000062245010300082100002800185260004600213084000800259082000800267650001200275990001500287INLIS000000000004726 ind  a0010-0125000433 aEtnofarmakologi Tumbuhan Obat Suku Dayak Ot Danum Di Desa Tumbang HabangoicNovanita Puspa Kencana aPuspa, Kencana Novanita aPalangka Raya :bPerpustakaan UMPR,c2024 a071 a071 aSKRIPSI a1571016574